000 00323nam a2200133Ia 4500
005 20251222143219.0
008 251222s9999||||xx |||||||||||||| ||spa||
020 _a8487502180
082 _a800/P85
245 0 _aHistoria de la Naranja
250 _a1ra. ed.
264 _bEditorial Prensa Valenciana, S.A.
942 _cLIB
999 _c13748
_d13748